Light and lighting and environmental design.

Saved in:
Bibliographic Details
New Title:Journal of the Chartered Institution of Building Services
Building services engineer
Previous Title:Light and lighting
Corporate Author: Illuminating Engineering Society (Great Britain)
Format: Journal
Language:English
Published: [London, Illuminating Engineering Society of Great Britain]
Subjects:
LEADER 02120nas a2200481 a 4500
001 c000188246
003 CARM
005 20030312211240.0
008 750401d19701978enkbrzp 0 a0eng
010 |a 75640825 //r82 
019 1 |a 983428  |z 7252262  |z 44764321  |5 LACONCORD2021 
022 0 |a 0307-5192 
030 |a LILIAK  |a LILIAK 
035 |a (OCoLC)1798508  |5 LACONCORD2021 
040 |a LC  |b eng  |c LC  |d LC 
042 |a lc  |a nsdp 
050 0 0 |a TP700  |b .I32 
082 0 4 |a 621.32/2/05 
082 0 4 |a 621.32/2/05 
210 0 |a Light light. environ. des. 
222 0 |a Light and lighting and environmental design. 
245 0 0 |a Light and lighting and environmental design. 
260 |a [London,  |b Illuminating Engineering Society of Great Britain] 
300 |a v.  |b ill.  |c 30 cm. 
580 |a Merged with: Building services engineer, to become: Journal of the Chartered Institution of Building Services. 
510 0 |a Engineering index monthly  |x 0013-7960. 
510 0 |a Engineering index annual  |x 0360-8557. 
510 2 |a CIS abstracts  |x 0302-7651. 
510 2 |a Computer & control abstracts  |x 0036-8113  |b Jan.-Feb. 1978-Aug. 1978. 
510 2 |a Electrical & electronics abstracts  |x 0036-8105  |b Jan.-Feb. 1978-Aug. 1978. 
510 2 |a Physics abstracts. Science abstracts. Series A  |x 0036-8091  |b Jan.-Feb. 1978-Aug. 1978. 
650 0 |a Lighting  |x Periodicals. 
650 0 |a Electric lighting  |x Periodicals. 
650 0 |a Buildings  |x Environmental engineering  |x Periodicals. 
710 2 |a Illuminating Engineering Society (Great Britain) 
780 0 0 |t Light and lighting  |x 0024-3302. 
785 1 7 |t Journal of the Chartered Institution of Building Services  |x 0142-3630  |w (DLC) 80641615  |w (OCoLC)4423168. 
785 1 7 |t Building services engineer  |w (DLC) 74642205  |w (OCoLC)1792538. 
852 8 |b CARM  |h A2:AR05F0  |i D09046  |p 0252376  |f SE 
866 0 |a 63:1(1970)-71:3(1978) 
866 |a 63:1(1970)-71:3(1978) 
999 f f |i 6595929e-222a-5e72-bd89-7415e04016cc  |s 91d61e72-ca4c-52b4-a967-65128949f37f 
952 f f |p Can circulate  |a CAVAL  |b CAVAL  |c CAVAL  |d CARM 1 Store  |e D09046  |f A2:AR05F0  |h Other scheme  |i book  |k 63:1(1970)-71:3(1978)  |m 0252376